000 00523nam a22001937a 4500
003 KOHA_MİRAKIL
005 20251105121949.0
008 251105b tu ||||| |||| 00| 0 tur d
020 _a9789252204416
040 _aTR-AnABB
_btur
_cTR-AnABB
041 _atur
082 _a813.42
_bOZK 2020
100 1 _aÖzkan, Sima,
245 1 0 _aŞiirimi duyan oldu mu? /
_cSima Özkan
260 _aİstanbul :
_bForm Kitap,
_c2020
300 _a62 sayfa ;
_c19 cm
650 0 4 _aTürk edebiyatı, roman
942 _2ddc
_cBK
999 _c9271
_d9271
900 _bGizem YORULMAZ